| 000 | 01233cam a2200325 a 4500 | ||
|---|---|---|---|
| 001 | 15739556 | ||
| 003 | ARRUPE | ||
| 005 | 20211005090136.0 | ||
| 008 | 090515s1984 enkab b 001 0 eng | ||
| 010 | _a 2009377010 | ||
| 020 | _a0436071029 (Leo Cooper) | ||
| 020 | _a0870520156 (Hippocrene) | ||
| 040 |
_aDLC _cDLC _dDLC |
||
| 043 | _aew----- | ||
| 050 | 0 | 0 |
_aD530 _b.B77 1984 |
| 082 | 0 | 0 |
_a940.4/21 _222 |
| 100 | 1 |
_aBrown, Malcolm, _d1930- _950253 |
|
| 245 | 1 | 4 |
_aThe Christmas truce / _cMalcolm Brown and Shirley Seaton. _bthe western front december 1914 |
| 260 |
_aLondon : _bLeo Cooper in association with Secker & Warburg ; _aNew York : _bHippocrene Books, _c1984. |
||
| 300 |
_axii, 228 p. : _bill., maps ; _c25 cm. |
||
| 504 | _aIncludes bibliographical references (p. 216-217) and indexes. | ||
| 650 | 0 |
_aChristmas Truce, 1914. _950254 |
|
| 650 | 0 |
_aWorld War, 1914-1918 _xCampaigns _zWestern Front. _929859 |
|
| 650 | 0 |
_aWorld War, 1914-1918 _vPersonal narratives. _950255 |
|
| 650 | 0 |
_aWorld War, 1914-1918 _xArmistices. _950256 |
|
| 700 | 1 |
_aSeaton, Shirley. _950257 |
|
| 906 |
_a7 _bcbc _corignew _d2 _encip _f20 _gy-gencatlg |
||
| 942 |
_2lcc _cMONOGRAPH |
||
| 999 |
_c130668 _d130668 |
||